Carregant...
Geetha Govindam
| Autor principal: | |
|---|---|
| Format: | Printed Book |
| Publicat: |
Haryana
Shubhi publications
2007
|
| LEADER | 00371nam a22001097a 4500 | ||
|---|---|---|---|
| 082 | |a 294.59204521 |b JAY.G | ||
| 100 | |a Jayakumar K | ||
| 245 | |a Geetha Govindam | ||
| 260 | |a Haryana |b Shubhi publications |c 2007 | ||
| 942 | |c BK | ||
| 999 | |c 7673 |d 7673 | ||
| 952 | |0 0 |1 0 |4 0 |6 294_592045210000000_JAY_G |7 0 |8 NFIC |9 9496 |a CAMPUS |b CAMPUS |d 2016-03-05 |l 0 |o 294.59204521 JAY.G |p 14361 |r 2016-03-05 |w 2016-03-05 |y BK | ||